The Daily 20 - Cities - Statistics

General Stats
  • This quiz has been taken 246 times
    214 since last reset
  • The average score is 11 of 15
Answers on the Map
Answers color-coded by a green-red scale on the quiz's map according to % correct below.
 
Answer Stats
Score % Correct
20 Hints Used
100%
18 Hints Used
97%
19 Hints Used
97%
17 Hints Used
94%
16 Hints Used
86%
15 Hints Used
83%
14 Hints Used
81%
13 Hints Used
75%
12 Hints Used
72%
11 Hints Used
69%
10 Hints Used
64%
9 Hints Used
50%
8 Hints Used
47%
7 Hints Used
36%
6 Hints or Less
33%
No matching quizzes found
Score Distribution
Percent of People with Each Score
Percentile by Number Answered
Your Score History
You have not taken this quiz since the last reset